00902 a2200265 450000500170000000800410001702000180005804000480007604100080012424500760013225000110020826000640021930000600028350400530034365000180039665000220041465000350043665000150047165000300048665000230051665000170053970000270055670000280058370000250061120140903175010.0131211s2012 enkad fr|||| 001 0 eng d a9780470655665 aCO-BoUCMbspacJose A. GerenadHenry Ríos00aeng00aContemporary sociological theorycEditado por Craig Calhoun...[y otros] a3rd Ed bWiley-BlackwellaChichester (West Sussex, Inglaterra)c2012 axvii, 619 páginasbilustraciones, cuadros, gráficas aIncluye referencias bibliográficas e índices 7aCambio social 7aEstructura social 7aFilosofía de la sociología 7aModernidad 7aPoder (Ciencias sociales) 7aProblemas sociales 7aSociología1 aCalhoun, Craigeeditor1 aGerteis, Josepheeditor1 aMoody, Jameseeditor